[Event "Benidorm Bali op-A 21st"]
[Site "Benidorm"]
[Date "2024.11.29"]
[Round "1"]
[White "Vega Gutierrez, Sabrina Neide"]
[Black "Ainsa Jimenez, Lucas"]
[Result "1-0"]
[WhiteElo "2385"]
[BlackElo "2026"]
[PlyCount "77"]
[EventDate "2024.11.29"]
[EventType "swiss"]
[EventRounds "9"]
[EventCountry "ESP"]
[SourceTitle "CB50_2024"]
[SourceDate "2024.11.01"]
[SourceVersion "1"]
[SourceVersionDate "2024.11.01"]
[SourceQuality "2"]

1. e4 c6 2. d4 d5 3. e5 Bf5 4. Nf3 e6 5. c3 c5 6. Be2 Nc6 7. 0-0 cxd4 8. Nxd4 Nxd4 9. cxd4 Ne7 10. g4 Bg6 11. f4 Qd7 12. Nc3 0-0-0 13. Bd2 Kb8 14. Bb5 Nc6 15. Bxc6 bxc6 16. Na4 Bd3 17. Qb3+ Bb5 18. Nc3 Qb7 19. Nxb5 cxb5 20. f5 Qb6 21. Qd3 a6 22. a4 b4 23. a5 Qa7 24. fxe6 fxe6 25. Rf3 Be7 26. Rf7 Rd7 27. Rc1 Rhd8 28. Rc6 Bc5 29. Rxd7 Bxd4+ 30. Kg2 Qxd7 31. Rd6 Qc7 32. Rxd8+ Qxd8 33. Qxd4 Qxa5 34. Qxb4+ Qxb4 35. Bxb4 Kb7 36. Bf8 g6 37. Kf3 Kc6 38. Kf4 Kb5 39. Kg5 1-0

[Event "Sueca op 7th"]
[Site "Sueca"]
[Date "2023.08.12"]
[Round "8"]
[White "Ainsa Jimenez, Lucas"]
[Black "Diaz Benitez, Ricardo"]
[Result "0-1"]
[WhiteElo "1548"]
[BlackElo "1958"]
[PlyCount "76"]
[EventDate "2023.08.07"]
[EventType "swiss"]
[EventRounds "9"]
[EventCountry "ESP"]
[SourceTitle "CBM 215 Extra"]
[Source "ChessBase"]
[SourceDate "2023.09.30"]
[SourceVersion "1"]
[SourceVersionDate "2023.09.30"]
[SourceQuality "1"]

1. e4 d6 2. d4 Nf6 3. Nc3 e5 4. dxe5 dxe5 5. Qxd8+ Kxd8 6. Bg5 Be6 7. 0-0-0+ Kc8 8. Nf3 Nbd7 9. Kb1 c6 10. Nd2 Ng4 11. Bh4 Bc5 12. f3 Bf2 13. Bg5 h6 14. fxg4 hxg5 15. Be2 b5 16. h3 Bd4 17. Nf3 Bxc3 18. bxc3 Nc5 19. Nxg5 Na4 20. Nxe6 Nxc3+ 21. Kb2 Nxd1+ 22. Rxd1 fxe6 23. Rd6 Kc7 24. Rxe6 Rae8 25. Rxe8 Rxe8 26. h4 Kd6 27. h5 g5 28. Kb3 Kc5 29. a4 a5 30. axb5 cxb5 31. c4 a4+ 32. Kc3 b4+ 33. Kc2 Kd4 34. Kd2 b3 35. g3 a3 36. Kc1 Kc3 37. Kb1 a2+ 38. Ka1 Ra8 0-1

[Event "Sueca op 7th"]
[Site "Sueca"]
[Date "2023.08.07"]
[Round "1"]
[White "Montalban Galvez, Antonio"]
[Black "Ainsa Jimenez, Lucas"]
[Result "1-0"]
[WhiteElo "2141"]
[BlackElo "1548"]
[PlyCount "109"]
[EventDate "2023.08.07"]
[EventType "swiss"]
[EventRounds "9"]
[EventCountry "ESP"]
[SourceTitle "CBM 215 Extra"]
[Source "ChessBase"]
[SourceDate "2023.09.30"]
[SourceVersion "1"]
[SourceVersionDate "2023.09.30"]
[SourceQuality "1"]

1. Nf3 Nf6 2. c4 e6 3. g3 d5 4. Bg2 c6 5. d4 Nbd7 6. Nbd2 b6 7. 0-0 Bb7 8. Qc2 Be7 9. e4 dxe4 10. Nxe4 0-0 11. Rd1 Nxe4 12. Qxe4 Nf6 13. Qc2 Qc7 14. Bf4 Bd6 15. Bxd6 Qxd6 16. c5 Qc7 17. Ne5 Nd5 18. Nc4 Nf6 19. Nd6 Ne8 20. Nxb7 Qxb7 21. cxb6 Qxb6 22. Qxc6 Rd8 23. Qxb6 axb6 24. d5 e5 25. Rac1 f5 26. Rc6 Rf6 27. Rdc1 e4 28. Rc8 Rfd6 29. Rxd8 Rxd8 30. Rc6 Rd6 31. g4 g6 32. gxf5 gxf5 33. Bh3 f4 34. Bf5 e3 35. fxe3 fxe3 36. Kf1 Kg7 37. Be4 h6 38. Ke2 Kf6 39. Kxe3 Ke5 40. Bf3 Ng7 41. Be4 Ne8 42. a4 Rxc6 43. dxc6 Nd6 44. c7 Ke6 45. Bb7 Kd7 46. c8Q+ Nxc8 47. Bxc8+ Kxc8 48. Kd4 Kc7 49. Kd5 h5 50. h4 Kb7 51. Kd6 Ka6 52. b4 Ka7 53. Kc6 Ka6 54. Kc7 b5 55. a5 1-0

[Event "ESP-ch U14"]
[Site "Salobrena"]
[Date "2023.07.17"]
[Round "2"]
[White "Mompel Ferruz, Xavier"]
[Black "Ainsa Jimenez, Lucas"]
[Result "1-0"]
[WhiteElo "2159"]
[BlackElo "1681"]
[PlyCount "103"]
[EventDate "2023.07.17"]
[EventType "swiss"]
[EventRounds "9"]
[EventCountry "ESP"]
[SourceTitle "EXT 2024"]
[Source "ChessBase"]
[SourceDate "2023.10.10"]
[SourceVersion "1"]
[SourceVersionDate "2023.10.10"]
[SourceQuality "1"]

1. e4 e5 2. Nf3 Nc6 3. Bb5 a6 4. Ba4 Nf6 5. 0-0 b5 6. Bb3 d6 7. Ng5 d5 8. exd5 Nd4 9. d3 Nxb3 10. axb3 h6 11. Nf3 Bg4 12. c4 Bd6 13. Nc3 0-0 14. h3 Bf5 15. Re1 Re8 16. Ne4 Bb4 17. Bd2 Bxd2 18. Qxd2 Kh7 19. Ng3 Qc8 20. Nxe5 Bxh3 21. gxh3 Qxh3 22. Qf4 Kg8 23. Qf5 Qh4 24. Nf3 Rxe1+ 25. Rxe1 Qg4 26. Qxg4 Nxg4 27. Re7 Rc8 28. Nd4 Kf8 29. Nc6 bxc4 30. dxc4 f6 31. Re4 Ne5 32. Nxe5 fxe5 33. Rxe5 Rb8 34. Re3 a5 35. Ne4 a4 36. Nc5 Rb4 37. Nxa4 g5 38. Kg2 Kf7 39. Kg3 h5 40. Nc5 Kg6 41. f4 g4 42. Re6+ Kf5 43. Rh6 Rb8 44. Rxh5+ Kg6 45. Kxg4 Rc8 46. f5+ Kg7 47. Kg5 Rg8 48. f6+ Kf7+ 49. Kf5 c6 50. Rh7+ Kf8 51. Ne6+ Ke8 52. Re7# 1-0